Korn Albums - Statistics

General Stats
  • This quiz has been taken 94 times
  • The average score is 7 of 24
Answer Stats
Year Albums % Correct
1996 Life is Peachy
76%
1998 Follow the Leader
73%
2019 The Nothing
65%
1999 Issues
63%
2002 Untouchables
57%
2003 Take a Look in the Mirror
52%
2007 Untitled
49%
2005 See You On The Other Side
46%
2011 The Path of Totality
46%
2016 The Serenity of Suffering
35%
2010 Remember Who You Are
32%
2013 The Paradigm Shift
29%
1993 Neidermeyer's Mind
16%
1997 Who Then Now?
13%
2006 Live & Rare
11%
2011 The Essential Korn
8%
1999 All Mixed Up
5%
2010 The Encounter
5%
2004 Greatest Hits Volume 1
3%
2006 Chopped, Screwed, Live and Unglued
2%
2012 The Path of Totality Tour
2%
2007 MTV Unplugged: Korn
0%
2008 Nightmare Revisited
0%
1997 Spawn
0%
No matching quizzes found
Score Distribution
Percent of People with Each Score
Percentile by Number Answered
Your Score History
You have not taken this quiz